<?xml version="1.0" encoding="UTF-8"?>
<collection xmlns="http://www.loc.gov/MARC21/slim">
 <record>
  <leader>01229nam a22002411  4500</leader>
  <controlfield tag="001">1/13989</controlfield>
  <controlfield tag="008">981130s1996    gr             000  gre d</controlfield>
  <datafield tag="035" ind1=" " ind2=" ">
   <subfield code="l">14452</subfield>
  </datafield>
  <datafield tag="040" ind1=" " ind2=" ">
   <subfield code="a">GR-PeUP</subfield>
  </datafield>
  <datafield tag="082" ind1="0" ind2="0">
   <subfield code="a">346.078 ΠΤ</subfield>
  </datafield>
  <datafield tag="245" ind1="0" ind2="0">
   <subfield code="a">Πτώσευση και εξυγίανση/</subfield>
   <subfield code="c">επιμ. Παναγιώτα Βαφειάδου, 'Ελενα Γιαννοπούλου.</subfield>
  </datafield>
  <datafield tag="260" ind1=" " ind2=" ">
   <subfield code="a">Αθήνα:</subfield>
   <subfield code="b">Νομική Βιβλιοθήκη,</subfield>
   <subfield code="c">1996.</subfield>
  </datafield>
  <datafield tag="300" ind1=" " ind2=" ">
   <subfield code="a">285 σ.;</subfield>
   <subfield code="c">21 εκ.</subfield>
  </datafield>
  <datafield tag="490" ind1="1" ind2=" ">
   <subfield code="a">Βιβλιοθήκη δικαίου επιχειρήσεων &amp; εταιρειών ;</subfield>
  </datafield>
  <datafield tag="500" ind1=" " ind2=" ">
   <subfield code="a">Ευρετήριο.</subfield>
  </datafield>
  <datafield tag="650" ind1=" " ind2="4">
   <subfield code="a">Δίκαιο εταιρειών.</subfield>
  </datafield>
  <datafield tag="650" ind1=" " ind2="4">
   <subfield code="a">Πτώχευση</subfield>
   <subfield code="x">Δίκαιο και νομοθεσία.</subfield>
  </datafield>
  <datafield tag="650" ind1=" " ind2="4">
   <subfield code="a">Εμπορικό δίκαιο.</subfield>
  </datafield>
  <datafield tag="700" ind1="1" ind2=" ">
   <subfield code="a">Γιαννοπούλου, Ελενα,</subfield>
   <subfield code="e">επιμ.</subfield>
  </datafield>
  <datafield tag="700" ind1="1" ind2=" ">
   <subfield code="a">Βαφειάδου, Παναγιώτα,</subfield>
   <subfield code="e">επιμ.</subfield>
  </datafield>
  <datafield tag="830" ind1=" " ind2=" ">
   <subfield code="a">Βιβλιοθήκη δικαίου επιχειρήσεων &amp; εταιρειών ;</subfield>
   <subfield code="v">5</subfield>
  </datafield>
  <datafield tag="852" ind1=" " ind2=" ">
   <subfield code="a">INST</subfield>
   <subfield code="b">UNIPILB</subfield>
   <subfield code="c">MAIN</subfield>
   <subfield code="e">20040709</subfield>
   <subfield code="h">346.078 ΠΤ</subfield>
   <subfield code="p">00129958</subfield>
   <subfield code="q">00129958</subfield>
   <subfield code="t">LOAN</subfield>
   <subfield code="v">v.5:</subfield>
   <subfield code="y">0</subfield>
   <subfield code="z">v.5</subfield>
   <subfield code="4">2</subfield>
  </datafield>
  <datafield tag="852" ind1=" " ind2=" ">
   <subfield code="a">INST</subfield>
   <subfield code="b">UNIPILB</subfield>
   <subfield code="c">MAIN</subfield>
   <subfield code="e">20040709</subfield>
   <subfield code="h">346.078 ΠΤ</subfield>
   <subfield code="p">00129959</subfield>
   <subfield code="q">00129959</subfield>
   <subfield code="t">LOAN</subfield>
   <subfield code="v">v.5:</subfield>
   <subfield code="y">0</subfield>
   <subfield code="z">v.5</subfield>
   <subfield code="4">1</subfield>
  </datafield>
 </record>
</collection>
